Lil Wayne songs by Synonyms - Statistics

General Stats
  • This quiz has been taken 30 times
  • The average score is 4 of 10
Answer Stats
Hint Answer % Correct
Confectionery Sucker Lollipop
62%
Refrain from shedding tears Don't Cry
57%
Harbor deep affection for me Love Me
57%
Greatest Hip-Hop Artist In Existence Best Rapper Alive
52%
Masochist for suffering Sucker For Pain
48%
Relinquish the globe Drop The World
43%
Proceed, Disc Jockey Go DJ
43%
Tormenting dreams of the abyss Nightmares Of The Bottom
43%
Permit all circumstances to resolve harmoniously Let It All Work Out
14%
I remain in perpetual wakefulness I Don't Sleep
10%
No matching quizzes found
Score Distribution
Percent of People with Each Score
Percentile by Number Answered
Your Score History
You have not taken this quiz